000 00414nam a2200181Ia 4500
005 20240823041720.0
008 240823s9999||||xx |||||||||||||| ||und||
041 _aENGLISH
082 _A811.5 M5
100 _aDaniel O Connor
245 0 _aT S Eliot Four Quartets
250 _a5th
260 _c1985
_bAarti Book C
500 _aTransfered
650 _aGeneral
_bGeneral
942 _cBK
999 _c206160
_d206160